02673nam a2200229Ia 4500003000400000005001700004008004000021040000700061041001200068082001600080100003200096245002000128260005200148300000800200520201400208650004502222690002202267906001102289942001202300999001702312952011402329OSt20250828142027.0210210b1992 xxu||||| |||| 00| 0 eng d cAL aEnglish a920.72 DURM aDURRANI (Tehamina).9194157 aMy feudal lord. aBangalore.bSterling Publishing Pvt Ltd.,c1992 a365 aWhen a woman with brains and beauty from a wealthy background decides to take her fate into her own hands and challenge the restrictions of a male-oriented, conservative society, the consequences can be devastating. Born into one of Pakistan's most influential families, Tehmina Durrani was raised in the privileged milieu of Lahore high society, and educated at the same school as Benazir Bhutto. Like all women of her rank, she was expected to marry a prosperous Muslim from a respectable family, bear him many children, and lead a sheltered life of air-conditioned leisure. When she married Mustafa Khar, one of Pakistan's most eminent political figures, she continued to move in the best circles, and learned to keep up the public façade as a glamorous, cultivated wife, and mother of four children. In private, however, the story-book romance of the most talked-about couple in Pakistan rapidly turned sour. Mustafa Khar became violently possessive and pathologically jealous, and succeeded in cutting his wife off from the outside world. For the course of the fourteen-year marriage, she suffered alone, in silence. When Tehmina decided to rebel, the price she paid was extremely high: as a Muslim woman seeking a divorce, she signed away all financial support, lost the custody of her four children, and found herself alienated from her friends and disowned by her parents. Following the divorce, she felt she had to tell her story. When Pakistan publishers balked at the controversial nature of her manuscript, she published it herself. The book was a bombshell and shook Pakistani society to its foundations. Her at last was someone who had succeeding in reconciling her faith in Islam with her ardent belief in women's rights. Tehmina's story, adapted now for western readers, provides extraordinary insights into the vulnerable position of women caught in the complex web of Muslim society. ( Kannada tr. Arane hendatiya atmakathe ಆರನೆಯ ಹೆಂಡತಿಯ ಆತ್ಮಕಥೆ) aArane hendatiya atmakathe (2013)9194159 aBiography9194158 a047192 2ddccBK c96187d96187 00102ddc40708HISaALbALd2021-02-17g125.00l0o920.72 DURMp047192r2021-02-17 00:00:00w2021-02-17yBK